မွန်ဂီတနိဒါန်း / (Record no. 27162)

000 -LEADER
fixed length control field 00799nam a22001697a 4500
005 - DATE AND TIME OF LATEST TRANSACTION
control field 20260124093820.0
008 - FIXED-LENGTH DATA ELEMENTS--GENERAL INFORMATION
fixed length control field 230713b ||||| |||| 00| 0 eng d
040 ## - CATALOGING SOURCE
Transcribing agency SSBUL
Modifying agency SSBUL
082 ## - DEWEY DECIMAL CLASSIFICATION NUMBER
Edition number 23
Classification number ၇၈၀.၉၅၉၁၉၅၉၃၁ မိုး ၁၆၀၂၈ (S-SAT)
100 ## - MAIN ENTRY--PERSONAL NAME
Personal name မိုးစွေ၊
Titles and words associated with a name ရာမည-။
9 (RLIN) 27923
245 ## - TITLE STATEMENT
Title မွန်ဂီတနိဒါန်း /
Statement of responsibility, etc. ရာမညမိုးစွေ။
260 ## - PUBLICATION, DISTRIBUTION, ETC.
Place of publication, distribution, etc. မော်လမြိုင်မြို့၊
Name of publisher, distributor, etc. ဘဒြဒေဝီစာအုပ်လုပ်ငန်း၊
Date of publication, distribution, etc. ၂၀၀၄။
300 ## - PHYSICAL DESCRIPTION
Extent ၁၄၅ စာမျက်နှာ၊
Dimensions ၁၉ စင်တီ။
500 ## - GENERAL NOTE
General note S-SAT: Dr. Prof Sai Aung Tun
650 ## - SUBJECT ADDED ENTRY--TOPICAL TERM
Topical term or geographic name entry element မွန်ဂီတအနုပညာ။
9 (RLIN) 27924
942 ## - ADDED ENTRY ELEMENTS (KOHA)
Source of classification or shelving scheme
Koha item type Book (Short term)
Holdings
Withdrawn status Lost status Source of classification or shelving scheme Damaged status Not for loan Collection code Permanent Location Current Location Shelving location Date acquired Total Checkouts Full call number Barcode Date last seen Price effective from Koha item type Accession
          Special Collections Shan State Buddhist University Library Shan State Buddhist University Library Special Collection Shelves 13/07/2023   ၇၈၀.၉၅၉၁၉၅၉၃၁ မိုး ၁၆၀၂၈ (S-SAT) MB00016028 13/07/2023 13/07/2023 Book (Short term) ၁၆၀၂၈ (S-SAT)

Library - 09407999929
Admin Office - 09407999979
Dean Office - 09250910768
Registrar Office - 09892297154
Email - [email protected]
Shan State Buddhist University, Phaya Phyu Taunggyi, Shan State, Myanmar.